000 00541cam a2200229 4500
001 J97706
008 090401t1999 xxu||||| |||| 00| 0 eng d
035 _a(Sirsi) u92388
041 _aeng
050 _a336.2
110 _aCB Hillier Parker
_93660
245 _aBudget 99
260 _aLondon
_bCB Hillier Parker
_c1999
300 _a6p. ; 30cm.
350 _a0
650 _aBUDGET
650 _aPROPERTY TAXES
650 _aTAXATION
690 _aPROPERTY-PROPERTY FINANCE AND INVESTMENT
942 _n0
948 _c26/03/1999
999 _c97745
_d97745